000 00316nam a2200133Ia 4500
008 150731s2014 xx 000 0 und d
082 _a615.53
_bH 14 M
100 _aMANOHAR,SUYITHNA R.
245 _aHEMORRAHOIDS
250 _a1 ST
260 _bCHAUKHAMBHA PUB. NEW DELHI
_c2014
300 _a230
942 _2ddc
_cBK
999 _c7834
_d7834